000
00314nam a22001337a 4500
008
171005b xxu||||| |||| 00| 0 eng d
020
_a
9780060414184
041
_a
eng
080
_2
5TH
_a
519.9
100
_a
49
101
_a
PSI
245
_a
ESSENTIALS OF PSYCHOLOGICAL TESTING
_c
CRONBACH,L.J
942
_2
udc
_c
BK
999
_c
31950
_d
31950